|
|
|
|
| LEADER |
00000nab a2200000 a 4500 |
| 001 |
vtls000612822 |
| 003 |
SK-MaSNL |
| 005 |
20260303014437.0 |
| 008 |
160401c1997 xo 0 slo |
| 015 |
|
|
|a SNBRB19rr/mm-uuuuu
|
| 035 |
|
|
|a CL0612961
|
| 040 |
|
|
|a SNKBUCL
|b slo
|c SNKBUCL
|e AACR2
|
| 041 |
0 |
|
|a slo
|
| 044 |
|
|
|a xo
|c SK
|
| 080 |
|
|
|a 001:061.14(437.6)
|2 1981
|
| 080 |
|
|
|a 001.89
|2 1981
|
| 080 |
|
|
|a 330.341.1
|2 1981
|
| 100 |
1 |
|
|a Ulrich, Koloman,
|d 1946-
|4 aut
|9 218961
|
| 245 |
1 |
0 |
|a Vedu netreba riadiť
|c Koloman Ulrich, Gabriela Kaliská
|
| 300 |
|
|
|b Fotogr. 1
|
| 610 |
1 |
7 |
|a Slovensko.
|b Úrad pre stratégiu rozvoja spoločnosti, vedy a techniky
|2 snkbucl
|9 34048
|
| 655 |
|
7 |
|a články z novín a časopisov
|2 snkbucl
|9 267496
|
| 700 |
1 |
|
|a Kaliská, Gabriela,
|d 1954-
|4 aut
|9 107915
|
| 773 |
0 |
|
|t Pravda
|g Roč. 7, č. 54 (6. 3. 1997), s. 1 a 4
|
| 850 |
|
|
|a Slovenská národná knižnica v Martine
|a MTA001
|
| 852 |
|
|
|a SNK
|b KIS3GCP
|
| 958 |
|
|
|a SK
|
| 958 |
|
|
|a RK
|
| 958 |
|
|
|a RBX
|
| 999 |
|
|
|c 1607710
|d 1609640
|